Statystyki dla Podstawowa wiedza o państwach - WOS #1

Kliknij tutaj aby rozwiązać quiz!

Ogólne statystyki

  • Ten quiz został rozwiązany 349 razy
  • Średni wynik to 79 z 120

Statystyki odpowiedzi

ZagadnienieKomórkaSelect% Poprawnych
PolskamonarchiaNie
99%
Polskagłową państwa jest król / królowaNie
98%
Polskagłową państwa jest kolegialny (kilkuosobowy) organ władzyNie
95%
Polskagłową państwa jest ktoś innyNie
95%
Niemcygłową państwa jest król / królowaNie
94%
NiemcymonarchiaNie
92%
Czechygłową państwa jest król / królowaNie
89%
CzechymonarchiaNie
89%
Polskapaństwo złożoneNie
88%
Niemcygłową państwa jest kolegialny (kilkuosobowy) organ władzyNie
86%
Słowacjagłową państwa jest król / królowaNie
86%
Ukrainagłową państwa jest król / królowaNie
86%
Czechygłową państwa jest ktoś innyNie
86%
Polskagłową państwa jest prezydentTak
86%
Czechygłową państwa jest kolegialny (kilkuosobowy) organ władzyNie
85%
SłowacjamonarchiaNie
85%
UkrainamonarchiaNie
85%
Ukrainagłową państwa jest kolegialny (kilkuosobowy) organ władzyNie
84%
Białoruśgłową państwa jest król / królowaNie
84%
Ukrainagłową państwa jest ktoś innyNie
84%
Rosjagłową państwa jest król / królowaNie
83%
Stany Zjednoczone Amerykigłową państwa jest król / królowaNie
83%
Stany Zjednoczone AmerykimonarchiaNie
83%
Czechypaństwo złożoneNie
83%
Słowacjagłową państwa jest kolegialny (kilkuosobowy) organ władzyNie
82%
Białoruśgłową państwa jest kolegialny (kilkuosobowy) organ władzyNie
82%
Litwagłową państwa jest król / królowaNie
82%
Stany Zjednoczone Amerykigłową państwa jest ktoś innyNie
82%
Wielka Brytaniagłową państwa jest ktoś innyNie
82%
BiałoruśmonarchiaNie
82%
LitwamonarchiaNie
82%
Rosjagłową państwa jest kolegialny (kilkuosobowy) organ władzyNie
81%
Litwagłową państwa jest kolegialny (kilkuosobowy) organ władzyNie
81%
Francjagłową państwa jest król / królowaNie
81%
Słowacjagłową państwa jest ktoś innyNie
81%
Niemcypaństwo unitarneNie
81%
Wielka BrytaniarepublikaNie
81%
Stany Zjednoczone Amerykigłową państwa jest kolegialny (kilkuosobowy) organ władzyNie
80%
Francjagłową państwa jest kolegialny (kilkuosobowy) organ władzyNie
80%
Rosjagłową państwa jest ktoś innyNie
80%
Francjagłową państwa jest ktoś innyNie
80%
Litwagłową państwa jest ktoś innyNie
80%
Białoruśgłową państwa jest ktoś innyNie
80%
Wielka Brytaniagłową państwa jest prezydentNie
80%
Wielka Brytaniagłową państwa jest kolegialny (kilkuosobowy) organ władzyNie
79%
FrancjamonarchiaNie
79%
RosjamonarchiaNie
79%
Słowacjapaństwo złożoneNie
79%
Liechtensteingłową państwa jest kolegialny (kilkuosobowy) organ władzyNie
78%
Chinygłową państwa jest król / królowaNie
78%
Hiszpaniagłową państwa jest ktoś innyNie
78%
Białoruśpaństwo złożoneNie
78%
Hiszpaniagłową państwa jest kolegialny (kilkuosobowy) organ władzyNie
77%
Szwajcariagłową państwa jest ktoś innyNie
77%
Litwapaństwo złożoneNie
77%
ChinymonarchiaNie
76%
Ukrainapaństwo złożoneNie
76%
Chinygłową państwa jest kolegialny (kilkuosobowy) organ władzyNie
75%
Liechtensteinpaństwo złożoneNie
75%
Szwajcariagłową państwa jest król / królowaNie
74%
Stany Zjednoczone Amerykipaństwo unitarneNie
74%
Liechtensteingłową państwa jest prezydentNie
73%
SzwajcariamonarchiaNie
73%
LiechtensteinrepublikaNie
73%
CzechyrepublikaTak
72%
Francjapaństwo złożoneNie
71%
Szwajcariagłową państwa jest prezydentNie
70%
PolskarepublikaTak
70%
Hiszpaniagłową państwa jest prezydentNie
69%
HiszpaniarepublikaNie
69%
Rosjapaństwo unitarneNie
67%
Ukrainagłową państwa jest prezydentTak
65%
Szwajcariapaństwo unitarneNie
65%
Hiszpaniapaństwo złożoneNie
65%
Wielka Brytaniapaństwo złożoneNie
65%
NiemcyrepublikaTak
62%
Niemcygłową państwa jest ktoś innyNie
61%
Rosjagłową państwa jest prezydentTak
61%
Białoruśgłową państwa jest prezydentTak
61%
Chinypaństwo złożoneNie
61%
Stany Zjednoczone Amerykigłową państwa jest prezydentTak
59%
Słowacjagłową państwa jest prezydentTak
59%
Wielka Brytaniagłową państwa jest król / królowaTak
58%
SłowacjarepublikaTak
58%
Francjagłową państwa jest prezydentTak
57%
Czechygłową państwa jest prezydentTak
57%
Wielka BrytaniamonarchiaTak
57%
Litwagłową państwa jest prezydentTak
55%
FrancjarepublikaTak
52%
Chinygłową państwa jest prezydentNie
51%
LitwarepublikaTak
51%
UkrainarepublikaTak
51%
Liechtensteingłową państwa jest król / królowaNie
47%
LiechtensteinmonarchiaTak
47%
HiszpaniamonarchiaTak
45%
Stany Zjednoczone AmerykirepublikaTak
45%
BiałoruśrepublikaTak
44%
Hiszpaniagłową państwa jest król / królowaTak
43%
RosjarepublikaTak
43%
Niemcygłową państwa jest prezydentTak
41%
Polskapaństwo unitarneTak
41%
ChinyrepublikaTak
40%
Białoruśpaństwo unitarneTak
39%
Niemcypaństwo złożoneTak
38%
Stany Zjednoczone Amerykipaństwo złożoneTak
38%
SzwajcariarepublikaTak
38%
Szwajcariagłową państwa jest kolegialny (kilkuosobowy) organ władzyTak
37%
Słowacjapaństwo unitarneTak
37%
Litwapaństwo unitarneTak
34%
Czechypaństwo unitarneTak
34%
Ukrainapaństwo unitarneTak
34%
Liechtensteinpaństwo unitarneTak
30%
Francjapaństwo unitarneTak
28%
Rosjapaństwo złożoneTak
28%
Szwajcariapaństwo złożoneTak
26%
Chinypaństwo unitarneTak
25%
Chinygłową państwa jest ktoś innyTak
20%
Hiszpaniapaństwo unitarneTak
20%
Wielka Brytaniapaństwo unitarneTak
18%
Liechtensteingłową państwa jest ktoś innyTak
12%

Rozkład punktacji

Percentyl według liczby udzielonych odpowiedzi

Procent ludzi z każdym wynikiem

Twoja historia wyników

Nie rozwiązałeś tego quizu